Vista normal Vista MARC

Entrada Personal Name

Número de registros utilizados en: 3

001 - CONTROL NUMBER

  • control field: 2726

003 - CONTROL NUMBER IDENTIFIER

  • control field: OSt

005 - DATE AND TIME OF LATEST TRANSACTION

  • control field: 20230706225501.0

008 - FIXED-LENGTH DATA ELEMENTS

  • fixed length control field: 230706|| aca||aabn | a|a d

040 ## - CATALOGING SOURCE

  • Original cataloging agency: OSt
  • Transcribing agency: OSt

100 ## - HEADING--PERSONAL NAME

  • Personal name: Sade, Donatien Alphonse Francois,Conde, llamado Marquez de
  • Dates associated with a name: 1740-1814

670 ## - SOURCE DATA FOUND

  • Source citation: Work cat.: (OSt)4067: Cuentos góticos









Instituto Departamental de Cultura del Meta - Red Departamental de Bibliotecas Públicas del Meta.